Score 0/10 Timer 03:00
0 Plays Today
Distance to the Next City City % Correct
-----Bangor
100%
2.7 mi (4.3 km)Portland
96.6%
25.8 mi (41.6 km)Lewiston
93.1%
60.3 mi (97.0 km)Augusta
89.7%
4.8 mi (7.7 km)South Portland
86.2%
0.9 mi (1.5 km)Auburn
82.8%
14;4 mi (23.2 km)Saco
69%
1.9 mi (3.0 km)Biddeford
65.5%
15.6 mi (25.2 km)Sanford
48.3%
29.0 mi (46.7 km)Westbrook
41.4%

You're not logged in!

Compare scores with friends on all Sporcle quizzes.
OR
Log In

Sporcle TV

Today on Sporcle TV


Watch our educational content, quiz creation guides, and fun videos on Sporcle TV.

Show Comments

Extras

Top Quizzes Today


Score Distribution

Paid Content

Your Account Isn't Verified!

In order to create a playlist on Sporcle, you need to verify the email address you used during registration. Go to your Sporcle Settings to finish the process.

Report this User

Report this user for behavior that violates our Community Guidelines.

Details: